[Event "23rd OIBM 2019"]
[Site "Gmund am Tegernsee"]
[Date "2019.10.26"]
[Round "1.20"]
[White "Vetoshko, Volodymyr"]
[Black "Lettl, Gerhard"]
[Result "1-0"]
[WhiteElo "2506"]
[BlackElo "2126"]
[Annotator "RC"]
[PlyCount "117"]
[EventDate "2019.10.17"]
[EventType "swiss"]
[EventCountry "GER"]
[SourceTitle "playchess.com"]
[Source "ChessBase"]
[SourceQuality "1"]
[TimeControl "40/5400+30:1800+30"]

1. e4 {[%emt 0:00:54]} e5 {[%emt 0:00:00]} 2. Nf3 {[%emt 0:00:22]} Nc6 {[%emt 0:00:10]} 3. Bc4 {[%emt 0:00:17]} Nf6 {[%emt 0:00:18]} 4. d3 {[%emt 0:00:36]} Bc5 {[%emt 0:01:10]} 5. O-O {[%emt 0:01:15]} d6 {[%emt 0:00:19]} 6. c3 {[%emt 0:01:18]} O-O {[%emt 0:01:11]} 7. a4 {[%emt 0:02:46]} a6 {[%emt 0:01:49]} 8. h3 {[%emt 0:02:58]} Ba7 {[%emt 0:06:24]} 9. Nbd2 {[%emt 0:03:39]} Qe7 {[%emt 0:07:19]} 10. Bb3 {[%emt 0:04:56]} Be6 {[%emt 0:05:45]} 11. Bc2 {[%emt 0:01:11]} Nd7 {[%emt 0:03:17]} 12. Re1 {[%emt 0:02:55]} h6 {[%emt 0:09:23]} 13. Nf1 {[%emt 0:21:14]} f5 {[%emt 0:11:29]} 14. d4 {[%emt 0:01:51]} fxe4 {[%emt 0:05:43]} 15. Bxe4 {[%emt 0:00:06]} d5 {[%emt 0:00:20]} 16. Bc2 {[%emt 0:00:16]} e4 {[%emt 0:05:14]} 17. N3h2 {[%emt 0:01:33]} Nce5 {[%emt 0:07:32]} 18. Kh1 {[%emt 0:19:41]} Qh4 {[%emt 0:18:15]} 19. dxe5 {[%emt 0:03:33]} Bxf2 {[%emt 0:01:14]} 20. Re2 {[%emt 0:02:07]} Nxe5 {[%emt 0:03:01]} 21. Be3 {[%emt 0:00:43]} Bxe3 {[%emt 0:05:53]} 22. Nxe3 {[%emt 0:00:27]} c6 {[%emt 0:00:55]} 23. Qe1 {[%emt 0:02:17]} Qg5 {[%emt 0:01:03]} 24. Rd1 {[%emt 0:03:01]} Rad8 {[%emt 0:01:03]} 25. a5 {[%emt 0:06:20]} c5 {[%emt 0:01:24]} 26. Red2 {[%emt 0:00:44]} Nc6 {[%emt 0:01:17]} 27. Bb3 {[%emt 0:11:31]} c4 {[%emt 0:00:57]} 28. Bc2 {[%emt 0:00:32]} Nxa5 {[%emt 0:00:25]} 29. h4 {[%emt 0:00:59]} Qe5 {[%emt 0:00:35]} 30. Nhg4 {[%emt 0:00:50]} Bxg4 {[%emt 0:00:40]} 31. Rxd5 {[%emt 0:02:43]} Rxd5 {[%emt 0:00:46]} 32. Rxd5 {[%emt 0:00:02]} Qf4 {[%emt 0:00:34]} 33. Rxa5 {[%emt 0:00:16]} Be6 {[%emt 0:00:31]} 34. Ra1 {[%emt 0:00:24]} g5 {[%emt 0:00:17]} 35. Rd1 {[%emt 0:01:18]} gxh4 {[%emt 0:00:41]} 36. Rd4 {[%emt 0:00:32]} h3 {[%emt 0:00:20]} 37. Rxe4 {[%emt 0:00:37]} hxg2+ {[%emt 0:00:18]} 38. Nxg2 {[%emt 0:01:39]} Qf1+ {[%emt 0:00:52]} 39. Kh2 {[%emt 0:00:33]} Qxe1 {[%emt 0:00:34]} 40. Nxe1 {[%emt 0:00:32]} Bd5 {[%emt 0:00:31]} 41. Rd4 {[%emt 0:04:29]} Bc6 {[%emt 0:09:20]} 42. Rxc4 {[%emt 0:07:04]} Rf2+ {[%emt 0:11:59]} 43. Kg1 {[%emt 0:01:15]} Re2 {[%emt 0:00:32]} 44. Kf1 {[%emt 0:00:48]} Rh2 {[%emt 0:01:06]} 45. Rf4 {[%emt 0:02:44]} Kg7 {[%emt 0:01:02]} 46. Rf2 {[%emt 0:00:49]} Rh1+ {[%emt 0:00:59]} 47. Ke2 {[%emt 0:00:04]} Rh5 {[%emt 0:02:18]} 48. Nf3 {[%emt 0:01:46]} Rb5 {[%emt 0:00:30]} 49. Nd4 {[%emt 0:00:53]} Re5+ {[%emt 0:00:55]} 50. Kd2 {[%emt 0:00:16]} Bd7 {[%emt 0:00:37]} 51. Rg2+ {[%emt 0:02:38]} Kf7 {[%emt 0:00:46]} 52. Bb3+ {[%emt 0:00:47]} Ke7 {[%emt 0:03:20]} 53. Rg7+ {[%emt 0:00:01]} Kd8 {[%emt 0:00:19]} 54. Rh7 {[%emt 0:00:29]} a5 {[%emt 0:02:36]} 55. Rxh6 {[%emt 0:00:44]} a4 {[%emt 0:00:03]} 56. Bd1 {[%emt 0:00:26]} a3 {[%emt 0:01:26]} 57. bxa3 {[%emt 0:00:07]} Ra5 {[%emt 0:00:05]} 58. Bf3 {[%emt 0:00:44]} Rxa3 {[%emt 0:00:33]} 59. Bxb7 {[%emt 0:00:12]} 1-0

[Event "23rd OIBM 2019"]
[Site "Gmund am Tegernsee"]
[Date "2019.10.26"]
[Round "1.21"]
[White "Pollmann, Sascha"]
[Black "Korneev, Oleg"]
[Result "0-1"]
[WhiteElo "2126"]
[BlackElo "2504"]
[Annotator "TA"]
[PlyCount "73"]
[EventDate "2019.10.17"]
[EventType "swiss"]
[EventCountry "GER"]
[SourceTitle "playchess.com"]
[Source "ChessBase"]
[SourceQuality "1"]

{[%evp 13,73,0,27,5,11,14,33,20,37,32,35,28,18,25,42,-8,18,-7,26,16,30,19,43,0,0,0,8,-21,-25,-74,-16,-28,-23,-38,-33,-75,-58,-58,-63,-84,-69,-89,-22,-141,-125,-193,-182,-247,-243,-234,-241,-286,-172,-372,-272,-648,-648,-709,-681,-1254,-1290,-1142]} 1. Nf3 d5 2. g3 Nf6 3. Bg2 Bf5 4. c4 c6 5. O-O e6 6. cxd5 exd5 7. d3 Be7 8. Qb3 {A11: English Opening: 1...c6} Qb6 9. Qc2 h6 10. Nc3 {White is slightly better.} O-O 11. e4 Bh7 12. Be3 Qa6 13. Rfd1 Nbd7 14. h3 Rfd8 {[#]} 15. a3 $146 ({Predecessor:} 15. Rac1 Nf8 {1-0 (50) Fressinet,L (2711)-Burmakin,V (2578) Grosseto Prugna 2014}) 15... Nc5 {[%cal Rd5e4]} 16. Nd4 Rac8 17. b4 Ncd7 18. Nf5 Bxf5 19. exf5 Re8 20. d4 Bd6 21. Re1 Qb6 ({Black should play} 21... Nb6 $17) 22. Na4 $11 Qc7 23. Nc5 Nb6 24. Rad1 Nc4 25. Bc1 a5 26. Nd3 axb4 27. axb4 b6 (27... Rxe1+ $17 28. Rxe1 Qb6) 28. f4 (28. Bf4 $11) 28... b5 {[%cal Bb6b5,Bb5b4,Bb4b3,Bb3b2][%mdl 32]} 29. Nc5 (29. Kh1 $17) 29... h5 $19 30. Re5 (30. Kh1 $142) 30... Bxc5 (30... Nxe5 31. fxe5 Bxc5 32. bxc5 $15) 31. bxc5 Qa5 ({Don't play} 31... Nxe5 32. fxe5 Ne4 33. Bf4 $17) 32. Bd2 b4 33. Rde1 $2 {[#]} (33. Qb3 {is the only way for White.}) 33... Qa3 ({Less strong is} 33... Nxe5 34. fxe5 b3 35. Bxa5 $17 (35. Qd3 $2 Qa2 $19)) 34. Kh2 $2 (34. Rb1) 34... b3 {Black is clearly winning.} 35. Qc3 Qa2 36. R1e2 b2 37. Be1 {Accuracy: White = 31%, Black = 49%.} 0-1

[Event "23rd OIBM 2019"]
[Site "Gmund am Tegernsee"]
[Date "2019.10.26"]
[Round "1.22"]
[White "Krzyzanowski, Marcin"]
[Black "Schoetzig, Detlef"]
[Result "1-0"]
[WhiteElo "2500"]
[BlackElo "2125"]
[Annotator "ChessBase"]
[PlyCount "61"]
[EventDate "2019.10.17"]
[EventType "swiss"]
[EventCountry "GER"]
[SourceTitle "playchess.com"]
[Source "ChessBase"]
[SourceQuality "1"]
[TimeControl "40/5400+30:1800+30"]

1. d4 {[%emt 0:00:00]} Nf6 {[%emt 0:00:00]} 2. Bf4 {[%emt 0:00:02]} d5 {[%emt 0:00:00]} 3. Nf3 {[%emt 0:00:18]} c6 {[%emt 0:01:07]} 4. Nbd2 {[%emt 0:00:51]} Bf5 {[%emt 0:00:22]} 5. h3 {[%emt 0:01:21]} h6 {[%emt 0:00:28]} 6. e3 {[%emt 0:00:08]} e6 {[%emt 0:01:13]} 7. Bd3 {[%emt 0:01:02]} Bxd3 {[%emt 0:01:48]} 8. cxd3 {[%emt 0:00:05]} Bd6 {[%emt 0:06:15]} 9. Ne5 {[%emt 0:01:09]} O-O {[%emt 0:00:50]} 10. g4 {[%emt 0:05:01]} Nh7 {[%emt 0:12:05]} 11. h4 {[%emt 0:01:37]} f6 {[%emt 0:02:14]} 12. Ng6 {[%emt 0:00:32]} Re8 {[%emt 0:10:04]} 13. Nf3 {[%emt 0:07:24]} Bxf4 {[%emt 0:07:26]} 14. exf4 {[%emt 0:06:58]} Nd7 {[%emt 0:07:17]} 15. g5 {[%emt 0:06:33]} Nhf8 {[%emt 0:12:54]} 16. Nxf8 {[%emt 0:07:47]} Rxf8 {[%emt 0:02:53]} 17. gxh6 {[%emt 0:02:33]} gxh6 {[%emt 0:00:23]} 18. f5 {[%emt 0:01:14]} exf5 {[%emt 0:04:46]} 19. h5 {[%emt 0:01:11]} Re8+ {[%emt 0:22:08]} 20. Kf1 {[%emt 0:01:36]} Nf8 {[%emt 0:00:23]} 21. Qd2 {[%emt 0:01:37]} Kh7 {[%emt 0:00:36]} 22. Qf4 {[%emt 0:00:42]} Qd7 {[%emt 0:04:13]} 23. Nh4 {[%emt 0:00:35]} Qe6 {[%emt 0:01:24]} 24. Nxf5 {[%emt 0:00:47]} Qe2+ {[%emt 0:00:10]} 25. Kg2 {[%emt 0:00:13]} Ne6 {[%emt 0:00:42]} 26. Qxh6+ {[%emt 0:00:30]} Kg8 {[%emt 0:00:01]} 27. Rh3 {[%emt 0:00:50]} Kf7 {[%emt 0:00:53]} 28. Qg6+ {[%emt 0:00:07]} Kf8 {[%emt 0:00:22]} 29. Qxf6+ {[%emt 0:00:05]} Kg8 {[%emt 0:00:09]} 30. Rg3+ {[%emt 0:00:05]} Kh7 {[%emt 0:00:37]} 31. Qh6# {[%emt 0:00:08]} 1-0

[Event "23rd OIBM 2019"]
[Site "Gmund am Tegernsee"]
[Date "2019.10.26"]
[Round "1.23"]
[White "Schliebener, Stephan"]
[Black "Del Rio De Angelis, Salvador G."]
[Result "0-1"]
[WhiteElo "2124"]
[BlackElo "2491"]
[Annotator "ChessBase"]
[PlyCount "64"]
[EventDate "2019.10.17"]
[EventType "swiss"]
[EventCountry "GER"]
[SourceTitle "playchess.com"]
[Source "ChessBase"]
[SourceQuality "1"]
[TimeControl "40/5400+30:1800+30"]

1. d4 {[%emt 0:00:00]} Nf6 {[%emt 0:00:00]} 2. Bf4 {[%emt 0:00:00]} c5 {[%emt 0:00:00]} 3. d5 {[%emt 0:00:14]} b5 {[%emt 0:00:15]} 4. c4 {[%emt 0:05:57]} Bb7 {[%emt 0:04:56]} 5. e3 {[%emt 0:04:33]} g6 {[%emt 0:03:23]} 6. Be5 {[%emt 0:06:18]} Bg7 {[%emt 0:02:39]} 7. b3 {[%emt 0:00:34]} O-O {[%emt 0:00:32]} 8. Nf3 {[%emt 0:00:39]} bxc4 {[%emt 0:02:01]} 9. bxc4 {[%emt 0:04:17]} d6 {[%emt 0:00:14]} 10. Bb2 {[%emt 0:00:21]} e6 {[%emt 0:01:40]} 11. dxe6 {[%emt 0:00:19]} fxe6 {[%emt 0:00:08]} 12. Be2 {[%emt 0:00:12]} Qb6 {[%emt 0:12:46]} 13. Qc1 {[%emt 0:06:05]} Nbd7 {[%emt 0:02:00]} 14. Nbd2 {[%emt 0:01:34]} Rab8 {[%emt 0:00:23]} 15. Bc3 {[%emt 0:01:40]} Qc6 {[%emt 0:00:48]} 16. O-O {[%emt 0:02:02]} g5 {[%emt 0:02:53]} 17. h3 {[%emt 0:07:33]} Rf7 {[%emt 0:05:36]} 18. Qc2 {[%emt 0:09:11]} g4 {[%emt 0:01:40]} 19. hxg4 {[%emt 0:00:48]} Nxg4 {[%emt 0:00:08]} 20. Nb3 {[%emt 0:08:52]} Bxc3 {[%emt 0:15:02]} 21. Qxc3 {[%emt 0:00:12]} Rg7 {[%emt 0:03:30]} 22. Na5 {[%emt 0:01:54]} Qc7 {[%emt 0:00:28]} 23. Nxb7 {[%emt 0:00:37]} Rxb7 {[%emt 0:00:23]} 24. Rad1 {[%emt 0:05:05]} Ndf6 {[%emt 0:01:16]} 25. Bd3 {[%emt 0:12:27]} Qc6 {[%emt 0:05:12]} 26. Rb1 {[%emt 0:08:21]} Ne5 {[%emt 0:06:55]} 27. Ne1 {[%emt 0:01:40]} Nf3+ {[%emt 0:18:57]} 28. Nxf3 {[%emt 0:00:06]} Rxg2+ {[%emt 0:01:44]} 29. Kxg2 {[%emt 0:02:02]} Rg7+ {[%emt 0:00:05]} 30. Kh2 {[%emt 0:00:37]} Ng4+ {[%emt 0:00:07]} 31. Kg3 Ne5+ {[%emt 0:00:13]} 32. Kh4 {[%emt 0:01:38]} Rg4+ {[%emt 0:01:01]} 0-1

[Event "23rd OIBM 2019"]
[Site "Gmund am Tegernsee"]
[Date "2019.10.26"]
[Round "1.24"]
[White "Yankelevich, Lev"]
[Black "Juergens, Klaus"]
[Result "1-0"]
[WhiteElo "2480"]
[BlackElo "2121"]
[Annotator "ChessBase"]
[PlyCount "75"]
[EventDate "2019.10.17"]
[EventType "swiss"]
[EventCountry "GER"]
[SourceTitle "playchess.com"]
[Source "ChessBase"]
[SourceQuality "1"]
[TimeControl "40/5400+30:1800+30"]

1. d4 {[%emt 0:04:22]} Nf6 {[%emt 0:00:00]} 2. c4 {[%emt 0:01:02]} g6 {[%emt 0:00:10]} 3. Nc3 {[%emt 0:00:40]} Bg7 {[%emt 0:00:11]} 4. e4 {[%emt 0:00:05]} d6 {[%emt 0:00:10]} 5. f3 {[%emt 0:01:17]} O-O {[%emt 0:00:13]} 6. Be3 {[%emt 0:00:04]} c5 {[%emt 0:00:14]} 7. Nge2 {[%emt 0:00:24]} cxd4 {[%emt 0:00:36]} 8. Nxd4 {[%emt 0:00:10]} Nc6 {[%emt 0:00:15]} 9. Qd2 {[%emt 0:00:29]} Bd7 {[%emt 0:00:46]} 10. Be2 {[%emt 0:00:50]} Nxd4 {[%emt 0:00:41]} 11. Bxd4 {[%emt 0:00:07]} a5 {[%emt 0:00:37]} 12. b3 {[%emt 0:04:41]} Bc6 {[%emt 0:01:25]} 13. O-O {[%emt 0:00:07]} Nd7 {[%emt 0:00:31]} 14. Be3 {[%emt 0:00:04]} Nc5 {[%emt 0:06:05]} 15. Rab1 {[%emt 0:00:52]} Qb6 {[%emt 0:02:14]} 16. Rfc1 {[%emt 0:00:07]} Rfc8 {[%emt 0:00:23]} 17. Rc2 {[%emt 0:00:05]} Qd8 {[%emt 0:01:04]} 18. Bf1 {[%emt 0:06:25]} h5 {[%emt 0:02:54]} 19. g3 {[%emt 0:01:46]} Qf8 {[%emt 0:03:45]} 20. Bg2 {[%emt 0:01:41]} e6 {[%emt 0:03:18]} 21. Rd1 {[%emt 0:07:53]} Rd8 {[%emt 0:01:26]} 22. Bf4 {[%emt 0:05:32]} Be5 {[%emt 0:02:58]} 23. Bh6 {[%emt 0:01:15]} Qe7 {[%emt 0:03:36]} 24. Bg5 {[%emt 0:00:55]} Bf6 {[%emt 0:00:22]} 25. Bxf6 {[%emt 0:00:29]} Qxf6 {[%emt 0:00:09]} 26. f4 {[%emt 0:00:02]} e5 {[%emt 0:17:44]} 27. f5 {[%emt 0:00:49]} g5 {[%emt 0:11:28]} 28. Qe3 {[%emt 0:04:09]} Kf8 {[%emt 0:04:16]} 29. h3 {[%emt 0:02:27]} h4 {[%emt 0:02:44]} 30. g4 {[%emt 0:03:13]} Qe7 {[%emt 0:03:22]} 31. Rb1 {[%emt 0:07:49]} f6 {[%emt 0:04:10]} 32. a3 {[%emt 0:01:15]} Qc7 {[%emt 0:03:03]} 33. Kh2 {[%emt 0:01:58]} Qb6 {[%emt 0:05:04]} 34. Rd2 {[%emt 0:03:01]} Na4 {[%emt 0:02:38]} 35. Qxb6 {[%emt 0:01:41]} Nxb6 {[%emt 0:00:08]} 36. Rbd1 {[%emt 0:00:49]} a4 {[%emt 0:02:22]} 37. c5 {[%emt 0:00:13]} Nd7 {[%emt 0:02:10]} 38. b4 {[%emt 0:00:09]} 1-0

[Event "23rd OIBM 2019"]
[Site "Gmund am Tegernsee"]
[Date "2019.10.26"]
[Round "1.25"]
[White "Gross, Willi"]
[Black "Loiseau, Quentin"]
[Result "0-1"]
[WhiteElo "2120"]
[BlackElo "2471"]
[Annotator "TA"]
[PlyCount "28"]
[EventDate "2019.10.17"]
[EventType "swiss"]
[EventCountry "GER"]
[SourceTitle "playchess.com"]
[Source "ChessBase"]
[SourceQuality "1"]

{[%evp 9,102,0,20,-5,7,-7,20,-63,-57,-60,-41,-63,-30,-106,-110,-133,-115,-122,-114,-111,-106,-124,-126,-122,-118,-125,-104,-93,-37,-66,0,0,-6,-30,-19,-22,-20,-45,-44,-45,-41,-45,-33,-39,-29,-26,-20,-52,-50,-59,-23,-42,-55,-45,-40,-77,-56,-93,-77,-71,-8,-8,-8,-8,-8,-12,-17,-58,-13,-9,0,0,0,0,0,-16,-26,-31,-31,-26,-13,-77,0,0,0,-13,-13,-13,-13,-13,-13,-15,-15,-39,0]} 1. d4 Nf6 2. Nf3 d5 3. Bf4 c5 4. e3 Nc6 5. c3 Qb6 6. b3 {D02: 1 d4 d5 2 Nf3 sidelines, including 2...Nf6 3 g3 and 2...Nf6 3 Bf4} (6. Qb3 c4 7. Qc2 Bf5 8. Qc1 e6 9. Nbd2 h6 10. Be2 Be7 11. O-O Qa5 12. b4 Qd8 13. a4 O-O 14. h3 a6 15. Ne5 Nxe5 16. dxe5 Ne4 17. Nf3 {1-0 (109) Maghsoodloo,P (2656)-Shankland,S (2713) Biel 2019}) 6... cxd4 7. exd4 Ne4 8. Nfd2 $146 {[#]} (8. Bd3 $11) ({Predecessor:} 8. Be2 Bf5 9. O-O e6 10. Nfd2 Nf6 11. Nf3 Be7 12. Bd3 Bg4 13. Nbd2 Rc8 14. h3 Bh5 15. Be2 O-O 16. Rc1 Ba3 17. Rb1 Bg6 18. Ne5 Nxe5 19. Bxe5 Nd7 20. Bf4 Rxc3 {0-1 (20) Valov,I (2228)-Zubritskiy,A (2422) Minsk 2015}) 8... e5 $1 $15 {[%cal Re5f4][%mdl 512]} 9. Nxe4 (9. dxe5 Qxf2#) 9... exf4 10. Ned2 Be7 11. Qf3 (11. a4 $11 {remains equal.}) 11... O-O $17 12. Bd3 {[#]} Nxd4 $1 {[%mdl 512]} 13. cxd4 Qxd4 14. Nc3 Bb4 {Played: Bc8-g4} 0-1

[Event "23rd OIBM 2019"]
[Site "Gmund am Tegernsee"]
[Date "2019.10.26"]
[Round "1.26"]
[White "Vogel, Roven"]
[Black "Schmidt, Gerhard"]
[Result "1-0"]
[WhiteElo "2456"]
[BlackElo "2118"]
[Annotator "ChessBase"]
[PlyCount "73"]
[EventDate "2019.10.17"]
[EventType "swiss"]
[EventCountry "GER"]
[SourceTitle "playchess.com"]
[Source "ChessBase"]
[SourceQuality "1"]
[TimeControl "40/5400+30:1800+30"]

1. c4 {[%emt 0:02:09]} Nf6 {[%emt 0:00:00]} 2. Nc3 {[%emt 0:00:13]} g6 {[%emt 0:00:03]} 3. e4 {[%emt 0:00:26]} d6 {[%emt 0:00:17]} 4. d4 {[%emt 0:00:08]} Bg7 {[%emt 0:00:16]} 5. h3 {[%emt 0:00:08]} O-O {[%emt 0:00:33]} 6. Be3 {[%emt 0:00:12]} c5 {[%emt 0:01:17]} 7. Nge2 {[%emt 0:00:30]} cxd4 {[%emt 0:01:23]} 8. Nxd4 {[%emt 0:00:10]} b6 {[%emt 0:00:33]} 9. Qd2 {[%emt 0:01:43]} Bb7 {[%emt 0:00:42]} 10. f3 {[%emt 0:00:09]} Nbd7 {[%emt 0:07:44]} 11. O-O-O {[%emt 0:02:00]} a6 {[%emt 0:07:15]} 12. h4 {[%emt 0:05:32]} h5 {[%emt 0:08:42]} 13. Bh6 {[%emt 0:06:41]} Rc8 {[%emt 0:13:31]} 14. g4 {[%emt 0:03:56]} Ne5 {[%emt 0:18:03]} 15. Bxg7 {[%emt 0:14:39]} Kxg7 {[%emt 0:00:25]} 16. g5 {[%emt 0:00:10]} Nfd7 {[%emt 0:01:24]} 17. b3 {[%emt 0:02:37]} b5 {[%emt 0:04:01]} 18. cxb5 {[%emt 0:03:20]} axb5 {[%emt 0:05:40]} 19. Bxb5 {[%emt 0:01:40]} Nc5 {[%emt 0:02:06]} 20. Kb2 {[%emt 0:02:08]} Qb6 {[%emt 0:09:11]} 21. a4 {[%emt 0:13:58]} Ncd3+ {[%emt 0:08:55]} 22. Bxd3 {[%emt 0:00:12]} Qxd4 {[%emt 0:00:09]} 23. Be2 {[%emt 0:00:32]} Qf2 {[%emt 0:02:02]} 24. Qd4 {[%emt 0:09:30]} Qg3 {[%emt 0:00:42]} 25. Qe3 {[%emt 0:00:49]} Ng4 {[%emt 0:00:45]} 26. Qg1 {[%emt 0:05:27]} Qe5 {[%emt 0:04:55]} 27. Rd4 {[%emt 0:00:22]} Rxc3 {[%emt 0:00:58]} 28. Kxc3 {[%emt 0:00:07]} Qa5+ {[%emt 0:01:25]} 29. Kb2 {[%emt 0:00:18]} Rc8 {[%emt 0:00:20]} 30. Qe1 {[%emt 0:01:21]} Qe5 {[%emt 0:00:57]} 31. Qd2 {[%emt 0:00:24]} Nf2 {[%emt 0:00:25]} 32. Rf1 {[%emt 0:00:44]} Bxe4 {[%emt 0:00:42]} 33. fxe4 {[%emt 0:01:33]} Nxe4 {[%emt 0:00:10]} 34. Qe3 {[%emt 0:00:07]} Ng3 {[%emt 0:00:36]} 35. Qxe5+ {[%emt 0:00:13]} dxe5 {[%emt 0:00:04]} 36. Rc4 {[%emt 0:02:10]} Rd8 {[%emt 0:00:06]} 37. Rd1 {[%emt 0:00:14]} 1-0

[Event "23rd OIBM 2019"]
[Site "Gmund am Tegernsee"]
[Date "2019.10.26"]
[Round "1.27"]
[White "Lohvinov, Petro"]
[Black "Parvanyan, Ashot"]
[Result "0-1"]
[WhiteElo "2117"]
[BlackElo "2448"]
[Annotator "RC"]
[PlyCount "124"]
[EventDate "2019.10.17"]
[EventType "swiss"]
[EventCountry "GER"]
[SourceTitle "playchess.com"]
[Source "ChessBase"]
[SourceQuality "1"]
[TimeControl "40/5400+30:1800+30"]

1. e4 {[%emt 0:00:00]} e6 {[%emt 0:00:47]} 2. d4 {[%emt 0:00:00]} d5 {[%emt 0:00:06]} 3. Nd2 {[%emt 0:00:00]} Be7 {[%emt 0:00:59]} 4. c3 {[%emt 0:00:24]} c5 {[%emt 0:01:00]} 5. Bd3 {[%emt 0:07:36]} cxd4 {[%emt 0:02:11]} 6. cxd4 {[%emt 0:01:36]} Nc6 {[%emt 0:00:18]} 7. Ngf3 {[%emt 0:00:09]} dxe4 {[%emt 0:01:18]} 8. Nxe4 {[%emt 0:00:07]} Nf6 {[%emt 0:00:30]} 9. O-O {[%emt 0:00:47]} O-O {[%emt 0:02:19]} 10. Nc3 {[%emt 0:02:27]} b6 {[%emt 0:03:22]} 11. a3 {[%emt 0:05:00]} Bb7 {[%emt 0:01:17]} 12. Bc2 {[%emt 0:00:45]} Qd6 {[%emt 0:09:47]} 13. Qd3 {[%emt 0:06:33]} Rfd8 {[%emt 0:04:20]} 14. Be3 {[%emt 0:02:40]} Rac8 {[%emt 0:02:55]} 15. Rad1 {[%emt 0:03:59]} g6 {[%emt 0:10:44]} 16. Bg5 {[%emt 0:11:01]} Nd5 {[%emt 0:08:43]} 17. Ne4 {[%emt 0:15:30]} Qc7 {[%emt 0:00:17]} 18. Bb1 {[%emt 0:06:18]} Bxg5 {[%emt 0:08:20]} 19. Nfxg5 {[%emt 0:01:55]} Nf4 {[%emt 0:06:08]} 20. Qe3 {[%emt 0:03:48]} Nxd4 {[%emt 0:01:59]} 21. Rfe1 {[%emt 0:15:26]} h6 {[%emt 0:14:55]} 22. Nh3 {[%emt 0:08:41]} Nxh3+ {[%emt 0:13:22]} 23. Qxh3 {[%emt 0:00:03]} Ne2+ {[%emt 0:05:06]} 24. Kh1 {[%emt 0:00:07]} Kg7 {[%emt 0:00:42]} 25. Qe3 {[%emt 0:02:26]} Nf4 {[%emt 0:00:27]} 26. f3 {[%emt 0:02:47]} Bxe4 {[%emt 0:00:35]} 27. Bxe4 {[%emt 0:00:55]} Qe5 {[%emt 0:00:17]} 28. Qb3 {[%emt 0:02:15]} Qg5 {[%emt 0:00:40]} 29. g3 {[%emt 0:00:36]} Nh3 {[%emt 0:00:34]} 30. Rxd8 {[%emt 0:00:33]} Rxd8 {[%emt 0:00:14]} 31. Qc3+ {[%emt 0:00:09]} Qf6 {[%emt 0:00:43]} 32. Kg2 {[%emt 0:00:52]} Qxc3 {[%emt 0:00:24]} 33. bxc3 {[%emt 0:00:02]} Ng5 {[%emt 0:00:07]} 34. f4 {[%emt 0:00:56]} Rd2+ {[%emt 0:00:39]} 35. Kg1 {[%emt 0:00:31]} Nh3+ {[%emt 0:00:20]} 36. Kh1 {[%emt 0:00:11]} Nf2+ {[%emt 0:00:12]} 37. Kg1 {[%emt 0:00:00]} Nd1 {[%emt 0:01:06]} 38. c4 {[%emt 0:00:52]} Nb2 {[%emt 0:00:13]} 39. Rc1 {[%emt 0:00:43]} Rd4 {[%emt 0:00:21]} 40. Bg2 {[%emt 0:00:44]} Nxc4 {[%emt 0:00:21]} 41. Rc3 {[%emt 0:01:32]} Rd1+ {[%emt 0:02:52]} 42. Kf2 {[%emt 0:00:26]} Rd2+ {[%emt 0:00:08]} 43. Kg1 {[%emt 0:00:21]} Nd6 {[%emt 0:00:29]} 44. Bc6 {[%emt 0:02:24]} Kf6 {[%emt 0:00:36]} 45. a4 {[%emt 0:01:55]} Ra2 {[%emt 0:00:48]} 46. h4 {[%emt 0:00:48]} h5 {[%emt 0:01:22]} 47. Kf1 {[%emt 0:01:47]} Kf5 {[%emt 0:06:32]} 48. Re3 {[%emt 0:04:08]} Nc4 {[%emt 0:01:15]} 49. Rd3 {[%emt 0:01:23]} Rd2 {[%emt 0:01:45]} 50. Rc3 {[%emt 0:00:19]} Nd6 {[%emt 0:00:47]} 51. Re3 {[%emt 0:00:25]} Rc2 {[%emt 0:00:40]} 52. Bf3 {[%emt 0:01:29]} Nc4 {[%emt 0:01:41]} 53. Re2 {[%emt 0:01:26]} Rxe2 {[%emt 0:02:49]} 54. Kxe2 {[%emt 0:00:02]} e5 {[%emt 0:01:18]} 55. fxe5 {[%emt 0:00:11]} Nxe5 {[%emt 0:00:17]} 56. Bd5 {[%emt 0:00:19]} f6 {[%emt 0:01:17]} 57. Bb7 {[%emt 0:01:10]} Nf7 {[%emt 0:06:59]} 58. Bc8+ {[%emt 0:01:03]} Ke4 {[%emt 0:00:50]} 59. Bd7 {[%emt 0:00:24]} Ne5 {[%emt 0:01:21]} 60. Be8 {[%emt 0:00:12]} a6 {[%emt 0:00:18]} 61. Kf2 {[%emt 0:00:40]} Kd5 {[%emt 0:00:15]} 62. Ke3 {[%emt 0:00:31]} Kd6 {[%emt 0:00:29]} 0-1

[Event "23rd OIBM 2019"]
[Site "Gmund am Tegernsee"]
[Date "2019.10.26"]
[Round "1.28"]
[White "Hoffmann, Michael"]
[Black "Kick, Joachim"]
[Result "1-0"]
[WhiteElo "2445"]
[BlackElo "2116"]
[Annotator "NA"]
[PlyCount "49"]
[EventDate "2019.10.17"]
[EventType "swiss"]
[EventCountry "GER"]
[SourceTitle "playchess.com"]
[Source "ChessBase"]
[SourceQuality "1"]
[TimeControl "40/5400+30:1800+30"]

1. c4 {[%emt 0:00:44]} e5 {[%emt 0:00:00]} 2. Nc3 {[%emt 0:00:32]} Nf6 {[%emt 0:00:01]} 3. Nf3 {[%emt 0:00:33]} Nc6 {[%emt 0:00:07]} 4. g3 {[%emt 0:01:03]} Bb4 {[%emt 0:00:30]} 5. Nd5 {[%emt 0:02:04]} Bc5 {[%emt 0:01:49]} 6. Bg2 {[%emt 0:00:34]} O-O {[%emt 0:00:58]} 7. d3 {[%emt 0:03:53]} Nxd5 {[%emt 0:06:56]} 8. cxd5 {[%emt 0:00:35]} Nd4 {[%emt 0:00:07]} 9. Nd2 {[%emt 0:03:38]} d6 {[%emt 0:06:34]} 10. e3 {[%emt 0:02:04]} Nf5 {[%emt 0:01:48]} 11. Ne4 {[%emt 0:02:52]} Bb6 {[%emt 0:01:53]} 12. O-O {[%emt 0:01:10]} a6 {[%emt 0:04:23]} 13. Bd2 {[%emt 0:00:39]} Ne7 {[%emt 0:01:38]} 14. Nc3 {[%emt 0:04:19]} f5 {[%emt 0:05:22]} 15. f4 {[%emt 0:06:14]} exf4 {[%emt 0:08:21]} 16. gxf4 {[%emt 0:02:31]} Ng6 {[%emt 0:03:08]} 17. Rf3 {[%emt 0:02:21]} Qe7 {[%emt 0:25:54]} 18. Kh1 {[%emt 0:02:27]} Nh4 {[%emt 0:15:37]} 19. Rg3 {[%emt 0:09:15]} Nxg2 {[%emt 0:01:54]} 20. Rxg2 {[%emt 0:04:27]} Bd7 {[%emt 0:02:17]} 21. Qf3 {[%emt 0:01:55]} Be8 {[%emt 0:09:02]} 22. Rag1 {[%emt 0:01:45]} g6 {[%emt 0:01:36]} 23. Rg5 {[%emt 0:09:40]} Bf7 {[%emt 0:00:49]} 24. Rxf5 {[%emt 0:00:58]} Rae8 {[%emt 0:00:18]} 25. Ne4 {[%emt 0:00:19]} 1-0